| 000 | 00394pab a2200157 454500 | ||
|---|---|---|---|
| 008 | 180718b2012 xxu||||| |||| 00| 0 eng d | ||
| 100 | _aSingh, Shrewan Kumar | ||
| 245 | _aCorporate governance and independent directors: An analysis | ||
| 260 | _c2012 | ||
| 300 | _ap.1-11. | ||
| 362 | _aOct-Dec | ||
| 650 | _aCorporate governance | ||
| 773 | _aAbhigyan | ||
| 908 | _aN | ||
| 909 | _a101869 | ||
| 999 |
_c101867 _d101867 |
||